Vista normal
Vista MARC
Entrada Personal Name
Número de registros utilizados en: 1
001 - CONTROL NUMBER
- control field: 17248
003 - CONTROL NUMBER IDENTIFIER
- control field: DLC
005 - DATE AND TIME OF LATEST TRANSACTION
- control field: 20250624094121.0
008 - FIXED-LENGTH DATA ELEMENTS
- fixed length control field: 130823n| azannaabn |n aaa
010 ## - LIBRARY OF CONGRESS CONTROL NUMBER
- LC control number: nb2013017283
035 ## - SYSTEM CONTROL NUMBER
- System control number: (Uk)008825077
040 ## - CATALOGING SOURCE
- Original cataloging agency: Uk
- Language of cataloging: spa
- Description conventions: rda
- Transcribing agency: Mx-PuUPA
- Modifying agency: Mx-PuUPA
046 ## - SPECIAL CODED DATES
- Start period: 20
100 1# - HEADING--PERSONAL NAME
- Personal name: McClure, Kevin,
- Titles and other words associated with a name: (Escritor sobre visiones religiosas)
372 ## - FIELD OF ACTIVITY
- Field of activity: Religión
- Field of activity: Visiones
- Source of term: lcsh
374 ## - OCCUPATION
- Occupation: Escritor sobre visiones religiosas
- Occupation: Autor
375 ## - GENDER
- Gender: hombre
377 ## - ASSOCIATED LANGUAGE
- Language code: eng
670 ## - SOURCE DATA FOUND
- Source citation: Visions of bowmen and angels, [1990?]:
- Information found: t.p. (Kevin McClure) back cover (has written extensively about religious visions and experiences)
670 ## - SOURCE DATA FOUND
- Source citation: The evidence for visions of the Virgin Mary, 1983:
- Information found: t.p. (Kevin McClure)